Cristo en nosotros
Saved in:
| Hovedforfatter: | |
|---|---|
| Format: | Bog |
| Sprog: | spansk |
| Udgivet: |
Barcelona
Libreria Religiosa
1931
|
| Udgivelse: | 1a. ed |
| Fag: | |
| Tags: |
Tilføj Tag
Ingen Tags, Vær først til at tagge denne postø!
|
MARC
| LEADER | 00000cam a2200000 a 4500 | ||
|---|---|---|---|
| 001 | UCE9641 | ||
| 003 | CL-VaPUC | ||
| 008 | 151029e19310000sp |||||||||||||||||spa|d | ||
| 082 | 0 | 4 | |a 232 |b PLU |2 21 |
| 100 | 0 | |a Plus, Raúl |e author |9 582518 | |
| 245 | 1 | 0 | |a Cristo en nosotros |
| 250 | |a 1a. ed | ||
| 300 | |a 256 p | ||
| 942 | |c BK | ||
| 945 | |d 20151029 22:28:00 |a gsalatino | ||
| 260 | |a Barcelona |b Libreria Religiosa |c 1931 | ||
| 650 | 0 | |a Cristología |9 315091 | |
| 650 | 0 | |a Teología |9 258766 | |
| 583 | |a last modification |c 20151029 22:28:00 |k Rodrigo Vera | ||
| 999 | |c 361286 |d 361284 | ||
| 952 | |0 0 |1 0 |3 erd |4 0 |6 232_000000000000000_PLU_1931 |7 0 |8 P |9 471711 |a BIBTEO |b BIBTES |c TEO_FTES |i 5207576 |o 232 PLU 1931 |p 5207576 |r 2024-01-18 |w 2019-11-24 |y BK |z Catalogado en:20151029 |k ICR | ||